| 000 | 00537nam a2200181 a 4500 | ||
|---|---|---|---|
| 005 | 20230920064159.0 | ||
| 008 | 991125s1994 mx 000 0 spa u | ||
| 020 | _a9682974305 | ||
| 035 | _aUPN01000054064 | ||
| 049 | _aCG | ||
| 050 | 4 |
_aLC92 M6 _bS5.8 |
|
| 245 | 0 | 0 |
_aSistemas educativos nacionales : _bMéxico / _ccoord. Germán Alvarez Mendiola. |
| 260 |
_aMéxico : _bSEP : _bOEI, _c1994. |
||
| 300 | _a193 p. | ||
| 650 | 4 |
_aEducación y Estado _zMéxico _9476 |
|
| 700 | 1 |
_aAlvarez Mendiola, Germán, _ecoord. _930737 |
|
| 905 | _aLibro | ||
| 999 |
_c54064 _d54064 |
||